Automatizácia tepelného režimu palivových priemyselných pecí

Podrobná bibliografia
Hlavný autor: Spal, Jindřich, 1914-1992 (Autor)
Médium: Kniha
Jazyk:slovenčina
Fyzický popis:413 strán, 1 nečíslovaný list obrazovej prílohy fotografie, grafy, schémy, tabuľky 21 cm
Vydavateľské údaje: Bratislava Praha Slovenské vydavateľstvo technickej literatúry Státní nakladatelství technické literatury 1963
Vydanie:Prvé vydanie
Edícia:Knižnica automatizácie
Predmet:

MARC

LEADER 00000cam a2200000 a 4500
001 vtls008338308
003 SK-MaSNL
005 20260301190608.0
008 251001s1963 xo odl grn 001 0 slo
015 |a SNBA1963/08-01560 
020 |q (viazané) 
035 |a SK01SNK19630030525 
035 |a urn:nbn:sk:snk-am3ipqn 
035 |a 80821825-023F-4E28-883E-EE061277D8E0 
035 |a urn:nbn:sk:snk-am00fbc9 
035 |a SKM000032988 
040 |a SNK  |b slo  |c SNK  |e AACR2 
041 0 |a slo 
044 |a xo  |c SK  |c xr  |c CZ 
080 |a 681.5  |2 2011 
080 |a 683.94/.95  |2 2011 
080 |a (048.8)  |2 2011 
080 |a 662.6/.9  |2 2011 
100 1 |a Spal, Jindřich,  |d 1914-1992  |4 aut  |9 222015 
245 1 0 |a Automatizácia tepelného režimu palivových priemyselných pecí  |c Jindřich Spal 
250 |a Prvé vydanie 
260 |a Bratislava  |b Slovenské vydavateľstvo technickej literatúry  |a Praha  |b Státní nakladatelství technické literatury  |c 1963  |e Brno  |f Tisk 11 
300 |a 413 strán, 1 nečíslovaný list obrazovej prílohy  |b fotografie, grafy, schémy, tabuľky  |c 21 cm 
366 |e 1000 kusov 
490 1 |a Knižnica automatizácie 
504 |a Bibliografia na strane 391-404 ; register 
650 0 7 |a automatizačná technika  |2 SNKPH  |9 29551 
650 0 7 |a pece  |2 SNKPH  |9 50953 
650 0 7 |a tepelné technológie  |2 SNKPH  |9 409111 
655 7 |a monografie  |2 SNKPH  |9 70139 
830 0 |a Knižnica automatizácie  |9 425180 
852 |a Slovenská národná knižnica 
958 |a EUIPO 
958 |a TL 
958 |a NB 
958 |a RK 
958 |a OND 
999 |c 868079  |d 870009 
952 |t P60, <04>, [BOOK], {604}  |a SNK  |b SNK  |y VYP  |7 0  |p 17A0381311  |o snkSC 17844 D1  |i snkKSP 3062/63  |0 0  |1 0  |4 0  |d 2003-04-19  |l 0  |r 2005-01-02 00:00:00  |w 2026-02-24 
952 |a SNK  |b SNK  |y PREZ  |7 0  |p 17A0882759  |o snkSC 17844  |i snkKSP 3061/63  |0 0  |1 0  |4 0  |d 2020-05-18  |f 1  |l 0  |r 2025-07-25 00:00:00  |w 2026-02-24